Vzorec šťastia podľa vedcov

Šťastie merajú a cítia ľudia rozdielne. Úsmev - najúčinnejšie a najlacnejšie antidepresívum. Kľúčom k väčšiemu šťastiu človeka je odklon od čisto ekonomického rastu k rastu osobnému.

Gespeichert in:
Bibliographische Detailangaben
1. Verfasser: Burák, Emil
Format: Buchkapitel
Sprache:Slowakisch
Schlagworte:
Tags: Tag hinzufügen
Keine Tags, Fügen Sie das erste Tag hinzu!

MARC

LEADER 00000naa a2200000 4500
001 0221762
005 20231114112905.7
041 0 |a slo 
044 |a SK 
245 1 0 |a Vzorec šťastia podľa vedcov  |c Emil Burák 
520 |a Šťastie merajú a cítia ľudia rozdielne. Úsmev - najúčinnejšie a najlacnejšie antidepresívum. Kľúčom k väčšiemu šťastiu človeka je odklon od čisto ekonomického rastu k rastu osobnému. 
610 2 0 |a psychológia 
610 2 0 |a vzťahy medziľudské 
610 2 0 |a postoje 
610 2 0 |a vedomie sociálne 
100 1 |a Burák, Emil